Statistics for LeBron's Best NBA Teammates

Click here to take the quiz!

General Stats

  • This quiz has been taken 437 times
    (129 since last reset)
  • The average score is 7 of 10

Answer Stats

Rank Player % Correct
3Dwyane Wade
99%
2Kyrie Irving
96%
4Chris Bosh
96%
5Kevin Love
96%
1Anthony Davis
89%
6Ray Allen
54%
9Shaquille O'Neal
54%
8Tristan Thompson
50%
7Zydrunas Ilgauskas
37%
10Jeff Green
29%

Score Distribution

Percentile by Number Answered

Percent of People with Each Score

Your Score History

You have not taken this quiz since the last reset